02580agaaa2200289 45000010005000000030009000050050017000140070009000310080040000400400023000800410013001031000048001161300023001642450176001872500022003632600124003853000034005095080152005435110085006955201234007805380016020145460013020306500066020437000065021097000060021747000056022348018IT-RoPAU20220918181232.0d cvaizq50131s9999||||xx ||| | || ||und|| aIT-RoPAUcIT-RoPAU aITALIANO aCosta FabriziogCodice regista SPICS: 50379 aCHIARA E FRANCESCO aCHIARA E FRANCESCOcProdotto da: Bernabei Luca -- Sceneggiatura: Arlanch Francesco -- Diretto da: Costa FabriziopCHIARA E FRANCESCO (Rif. Codice opera principale : H8018) aEdizione Standard a(ITALIA)bLUX VIDE - RAI FICTION / Distribuzione: MULTIMEDIA SAN PAOLOg"2007 (1° ed.: 2007 ; Ed. Lingua Orig.: 2007)" aDVDbsonoro, col.c200 minuti a"Fotografia: Galasso Giovanni; Montaggio: Corradi Alessandro; Musica: Frisina Marco; Sceneggiatura: Arlanch Francesco; Scenografia: Formica Nino; " a"Bassi Ettore; Petruolo Mary; Cirilli Gabriele; Marescotti Ivano; Diberti Luigi" aFILM TV TRASMESSO DALLA RAI IL 7 OTTOBRE 2007. ASSISI 1198. I BORGHESI - MOLTO RICCHI, POCO ARISTOCRATICI - ASSALTANO I PALAZZI DEI NOBILI - MOLTO ARISTOCRATICI, POCO RICCHI. DA UNA PARTE, ALLEGRO E SCATENATO A SCAGLIARE SASSI E MELAR LE MANI, FRANCESCO, FIGLIO DI BERNARDONE, MERCANTE DI TESSUTI. DALL'ALTRA, SCONCERTATA E SPAVENTATA, CHIARA, FIGLIA DI FAVARONE, D'ANTICO LIGNAGGIO. E' LA PRIMA VOLTA CHE GLI SGUARDI DI CHIARA E FRANCESCO SI INCONTRANO. LA SECONDA VOLTA, DUE ANNI DOPO, NON E' MENO MEMORABILE. COME TUTTI INOBILI DI ASSISI LA FAMIGLIA DI CHIARA E' FUGGITA A PERUGIA. NEL FRATTEMPOL'INSURREZIONE DEI BORGHESI FINISCE MALE. SULLE RIVE DEL TEVERE LE TRUPPE DEI BORGHESI SONO SCONFITTE DA QUELLE DEI NOBILI. E' UNA CARNEFICINA. FRANCESCO SCAMPA LA MORTE PER UN SOFFIO. E' FATTO PRIGIONIERO. CINQUE ANNI DOPO CHIARA E FRANCESCO SI RITROVANO AI DUE LATI DI UN TAVOLO, SI DISCUTE DEL FUTURO DEI DUE RAGAZZI. NELLA NOTTE DELLA DOMENICA DELLE PALME CHIARA FUGGE DI CASA. ALLA LUCE DELLE TORCE, IN UNA PICCOLA CHIESA CHE FRANCESCO HA RESTAURATO CON LE SUE MANI SI CELEBRA UN RITO: CHIARA SI PRIVA DEI SUOI CALZARI E INDOSSA UNA SEMPLICE TUNICA PREPARATA DAI FRATI E SI FA SUORA... ALTRA VERSIONE DELLE VITE DEI DUE SANTI. aPAL, STEREO aITALIANO aRELIGIOSO - BIOGReDVD-FILM [DVD]xCodice MATERIA SPICS: 9947 aArlanch Francesco e(soggetto)gCodice Soggetto SPICS: 58279 aCosta Fabrizio e(regista)gCodice regista SPICS: 50379 aFrisina Marcoe(musica)gCodice Musica SPICS: 38406